Marg : Woven Splendours : Indian Silks Vol. XLVI , No. 3. (Record no. 7824)

MARC details
000 -LEADER
fixed length control field 00378nam a2200157Ia 4500
008 - FIXED-LENGTH DATA ELEMENTS--GENERAL INFORMATION
fixed length control field 220524s9999 xx 000 0 und d
041 ## - LANGUAGE CODE
Language code of text/sound track or separate title eng
082 ## - DEWEY DECIMAL CLASSIFICATION NUMBER
Classification number -
100 ## - MAIN ENTRY--PERSONAL NAME
Personal name Ed: Dhamija , J.
9 (RLIN) 8376
245 ## - TITLE STATEMENT
Title Marg : Woven Splendours : Indian Silks Vol. XLVI , No. 3.
260 ## - PUBLICATION, DISTRIBUTION, ETC. (IMPRINT)
Name of publisher, distributor, etc. Marg Pub.--
Date of publication, distribution, etc. 1995
300 ## - PHYSICAL DESCRIPTION
Extent 106
650 ## - SUBJECT ADDED ENTRY--TOPICAL TERM
Topical term or geographic name as entry element Textile
9 (RLIN) 8377
906 ## - LOCAL DATA ELEMENT F, LDF (RLIN)
a
Holdings
Withdrawn status Lost status Damaged status Not for loan Home library Current library Date acquired Vendor Cost, normal purchase price Full call number Barcode Date last seen Cost, replacement price Bill Date Koha item type Original Barcode
      Available School of Fashion Technology School of Fashion Technology 20/02/2018 Marg 2000.00 - SOFT-BK-3495 08/07/2022 2000.00 08/07/2022 Reference book 003495